|
|
|
|
| LEADER |
00000cam a2200000 a 4500 |
| 001 |
vtls001438585 |
| 003 |
SK-MaSNL |
| 005 |
20260302072757.0 |
| 008 |
240226s2002 xo l grenf 000 0 slo |
| 015 |
|
|
|a SNBA2002
|
| 020 |
|
|
|a 8085717077
|q (brožované)
|
| 035 |
|
|
|a SNK000393718
|
| 035 |
|
|
|a urn:nbn:sk:snk-am3isc5
|
| 035 |
|
|
|a 4F2A7F75-9798-485C-AE28-9CD4371FD2A9
|
| 035 |
|
|
|a urn:nbn:sk:snk-am00ffzk
|
| 040 |
|
|
|a SNK
|b slo
|c SNK
|e AACR2
|
| 041 |
0 |
|
|a slo
|
| 043 |
|
|
|a e-xo---
|
| 044 |
|
|
|a xo
|c SK
|
| 072 |
|
7 |
|a 378
|x Vysoké školy
|2 konspekt
|
| 080 |
|
|
|a 378.4
|2 2011
|
| 080 |
|
|
|a 316.772.4
|2 2011
|
| 080 |
|
|
|a 37.091.212.2
|2 2011
|
| 080 |
|
|
|a (035)
|2 2011
|
| 080 |
|
|
|a (031)
|2 2011
|
| 245 |
0 |
0 |
|a Encyklopedická príručka k prijímacim skúškam na Fakultu masmediálnej komunikácie UCM v Trnave
|c zostavili: Viera Gažová, Jaroslav Chovanec, Jozef Matúš
|
| 250 |
|
|
|a 1. vydanie
|
| 260 |
|
|
|a Bratislava
|b Procom
|c 2002
|
| 300 |
|
|
|a 258 strán
|b tabuľky
|c 21 cm
|
| 500 |
|
|
|a Na titulnej strane uvedené vydavateľstvo Procon
|
| 500 |
|
|
|a Vydané pre Univerzitu sv. Cyrila a Metoda v Trnave
|
| 504 |
|
|
|a Obsahuje bibliografické odkazy
|
| 610 |
2 |
7 |
|a Univerzita sv. Cyrila a Metoda v Trnave.
|b Fakulta masmediálnej komunikácie
|2 SNKKA
|9 53921
|
| 650 |
0 |
7 |
|a mediálna komunikácia
|2 SNKPH
|9 66486
|
| 650 |
0 |
7 |
|a masová komunikácia
|2 SNKPH
|9 1423
|
| 650 |
0 |
7 |
|a prijímacie skúšky
|2 SNKPH
|9 1229
|
| 650 |
0 |
7 |
|a univerzity
|2 SNKPH
|9 22152
|
| 655 |
|
7 |
|a príručky
|2 SNKPH
|9 74364
|
| 655 |
|
7 |
|a encyklopédie
|2 SNKPH
|9 28776
|
| 700 |
1 |
|
|a Gažová, Viera,
|d 1950-
|4 com
|9 208774
|
| 700 |
1 |
|
|a Chovanec, Jaroslav,
|d 1935-
|4 com
|9 85200
|
| 700 |
1 |
|
|a Matúš, Jozef,
|d 1940-2017
|4 com
|9 171437
|
| 710 |
2 |
|
|a Univerzita sv. Cyrila a Metoda v Trnave
|4 pbl
|9 35120
|
| 919 |
|
|
|a 80-85717-07-7
|
| 958 |
|
|
|a NB
|
| 958 |
|
|
|a OND
|
| 958 |
|
|
|a TL
|
| 999 |
|
|
|c 1158021
|d 1159951
|
| 952 |
|
|
|t P60, <03>, [BOOK], {603}
|a SNK
|b SNK
|y PREZ
|7 0
|p 17A0352481
|o snkSC 108830
|i snkKSP 9345/2002
|0 0
|1 0
|4 0
|d 2002-08-06
|f 1
|l 0
|r 2025-09-30 00:00:00
|w 2026-02-24
|
| 952 |
|
|
|t P60, <04>, [BOOK], {604}
|a SNK
|b SNK
|y VYP
|7 0
|p 17A0352482
|o snkSC 108830 D1
|i snkKSP 9346/2002
|0 0
|1 0
|4 0
|d 2002-08-06
|l 0
|r 2005-01-02 00:00:00
|w 2026-02-24
|